Hypoventilation Training – History and Development of an Untraditional Training Method
Toto je prvá štúdia, ktorá poskytuje prehľad literatúry o historickom vývoji dobrovoľného hypoventilačného tréningu (VHL). VHL je netradičná tréningová metóda, ktorá sa čoraz viac presadzuje pozornosť pre jeho potenciál zlepšiť športový výkon prostredníctvom kontrolovanej hypoxie a hyperkapnie. Na r...
Uložené v:
| Hlavný autor: | |
|---|---|
| Ďalší autori: | , , |
| Médium: | Kapitola |
| Jazyk: | Slovak |
| Predmet: | |
| Tagy: |
Žiadne tagy, Buďte prvý, kto otaguje tento záznam!
|
MARC
| LEADER | 00000naa a2200000 4500 | ||
|---|---|---|---|
| 001 | 0306249 | ||
| 005 | 20250116115831.8 | ||
| 041 | 0 | |a slo | |
| 044 | |a SK | ||
| 245 | 1 | 0 | |a Hypoventilation Training – History and Development of an Untraditional Training Method |c František Lörinczi, Drahomíra Lörincziová, Elisa Novodomská, Miroslav Vavák |
| 520 | |a Toto je prvá štúdia, ktorá poskytuje prehľad literatúry o historickom vývoji dobrovoľného hypoventilačného tréningu (VHL). VHL je netradičná tréningová metóda, ktorá sa čoraz viac presadzuje pozornosť pre jeho potenciál zlepšiť športový výkon prostredníctvom kontrolovanej hypoxie a hyperkapnie. Na rozdiel od tradičného hypoxického tréningu, ktorý si vyžaduje špecializované vybavenie alebo expozíciu vo vysokej nadmorskej výške, sa VHL spolieha na obmedzenia dýchania počas cvičenia, čo ponúka široko dostupný alternatíva. | ||
| 610 | 2 | 0 | |a šport |
| 610 | 2 | 0 | |a literatúra |
| 610 | 2 | 0 | |a učitelia |
| 100 | 1 | |a Lörinczi, František | |
| 700 | 1 | |a Lörincziová, Drahomíra, 1971- | |
| 700 | 1 | |a Novodomská, Elisa | |
| 700 | 1 | |a Vavák, Miroslav | |